[Event "ProMoPro2004"]
[Site "Praha"]
[Date "2004.09.13"]
[Round "3.2"]
[White "Stross, Frantisek"]
[Black "Hausner, Ivan"]
[Result "1/2-1/2"]
[WhiteElo "2220"]
[BlackElo "2419"]
[PlyCount "24"]
[EventDate "2004.09.11"]

1. e4 c5 2. Nc3 d6 3. f4 Nc6 4. Nf3 Bg4 5. Bb5 Rc8 6. O-O Nf6 7. d3 e6 8. h3
Bxf3 9. Qxf3 Be7 10. g4 Nd7 11. Bxc6 Rxc6 12. Bd2 a6 1/2-1/2

[Event "ProMoPro2004"]
[Site "Praha"]
[Date "2004.09.13"]
[Round "3.16"]
[White "Novak, Jindrich"]
[Black "Nosek, Filip"]
[Result "1-0"]
[WhiteElo "2059"]
[BlackElo "1927"]
[PlyCount "73"]
[EventDate "2004.09.11"]

1. c3 e5 2. e4 d5 3. Nf3 dxe4 4. Qa4+ Nc6 5. Nxe5 Bd7 6. Nxd7 Qxd7 7. Qxe4+ Be7
8. Bb5 Nf6 9. Qa4 Qe6+ 10. Kd1 O-O 11. Re1 Qd6 12. b3 Qd7 13. Ba3 Bxa3 14. Nxa3
Nd5 15. Bxc6 bxc6 16. Kc2 Qf5+ 17. Qe4 Qxf2 18. Rf1 Qc5 19. Nc4 Rae8 20. Qf3
Re6 21. Rae1 Rf6 22. Qg3 Rg6 23. Qf2 Qxf2 24. Rxf2 Re6 25. Rxe6 fxe6 26. Rxf8+
Kxf8 27. Ne5 Ne7 28. Kd3 Ng6 29. Nxc6 Nf4+ 30. Ke4 Nxg2 31. Nxa7 Ke7 32. Nb5 c6
33. Nd4 Kd6 34. a4 g5 35. a5 c5 36. Nxe6 Kxe6 37. a6 1-0

[Event "ProMoPro2004"]
[Site "Praha"]
[Date "2004.09.13"]
[Round "3.21"]
[White "Prachar, Josef"]
[Black "Hornicek, Ondrej"]
[Result "1-0"]
[WhiteElo "2008"]
[BlackElo "1681"]
[PlyCount "53"]
[EventDate "2004.09.11"]

1. d4 Nf6 2. c4 d6 3. Nc3 g6 4. e4 Bg7 5. f4 e5 6. fxe5 dxe5 7. d5 O-O 8. Be2
Ne8 9. Nf3 f5 10. c5 f4 11. b4 g5 12. h3 b6 13. Qb3 bxc5 14. bxc5 Na6 15. Qa3
Nb8 16. Qa5 Bb7 17. Bc4 Kh8 18. Rb1 Bc8 19. Ba3 g4 20. hxg4 Bxg4 21. Kd2 Nc6
22. Qa6 Nd4 23. Qg6 Nf6 24. Rxh7+ Nxh7 25. Rh1 Bh6 26. Rxh6 Qd7 27. Ng5 1-0

[Event "ProMoPro2004"]
[Site "Praha"]
[Date "2004.09.13"]
[Round "3.8"]
[White "Matras, Ondrej"]
[Black "Tejkal, Jiri"]
[Result "1-0"]
[WhiteElo "2230"]
[BlackElo "2048"]
[PlyCount "61"]
[EventDate "2004.09.11"]

1. d4 Nf6 2. c4 g6 3. Nc3 Bg7 4. e4 d6 5. f3 O-O 6. Be3 e5 7. d5 Nh5 8. Qd2 f5
9. exf5 gxf5 10. O-O-O a6 11. Bd3 b5 12. cxb5 axb5 13. Bxb5 Ba6 14. Kb1 Bxb5
15. Nxb5 Qd7 16. Nc3 Na6 17. Nge2 Rfb8 18. Bh6 Bf6 19. g4 Nf4 20. Ng3 Nb4 21.
gxf5 Nxa2 22. Nge4 Nxc3+ 23. Qxc3 Bh8 24. Bxf4 exf4 25. Rhg1+ Kf7 26. Ng5+ Kg8
27. Ne6+ Kf7 28. Rg7+ Ke8 29. Nxc7+ Kd8 30. Rxd7+ Kxd7 31. Qc6+ 1-0

[Event "ProMoPro2004"]
[Site "Praha"]
[Date "2004.09.13"]
[Round "3.19"]
[White "Mejzlik, Ondrej"]
[Black "Stepanek, Svatopluk"]
[Result "1-0"]
[WhiteElo "2025"]
[BlackElo "1767"]
[PlyCount "43"]
[EventDate "2004.09.11"]

1. c4 Nf6 2. Nc3 c6 3. e4 e5 4. f4 d5 5. exd5 exf4 6. d4 cxd5 7. Bxf4 dxc4 8.
Bxc4 Bd6 9. Qe2+ Be7 10. Nf3 O-O 11. O-O Bg4 12. Rad1 Bd6 13. Bxd6 Qxd6 14. Qe5
Qb6 15. Ne4 Nbd7 16. Nxf6+ Nxf6 17. b3 h6 18. h3 Bh5 19. Qc5 Qd8 20. g4 b6 21.
Qf5 Bg6 22. Qxg6 1-0

[Event "ProMoPro2004"]
[Site "Praha"]
[Date "2004.09.13"]
[Round "3.12"]
[White "Stodolova, Kristyna"]
[Black "Krischke, Arnold"]
[Result "1/2-1/2"]
[WhiteElo "1996"]
[BlackElo "2133"]
[PlyCount "44"]
[EventDate "2004.09.11"]

1. d4 Nf6 2. c4 e5 3. dxe5 Ne4 4. Nf3 Nc6 5. e3 Bb4+ 6. Nbd2 O-O 7. Bd3 Nxd2 8.
Bxd2 Qe7 9. O-O Bxd2 10. Qxd2 Nxe5 11. Nxe5 Qxe5 12. f4 Qe7 13. e4 d6 14. Rae1
Bd7 15. Re3 b6 16. Bb1 Rae8 17. Qd3 f5 18. e5 Bc6 19. Qc3 dxe5 20. Rxe5 Qd7 21.
Rfe1 g6 22. Bc2 22... Rxe5 {remis} 1/2-1/2

[Event "ProMoPro2004"]
[Site "Praha"]
[Date "2004.09.13"]
[Round "3.9"]
[White "Forman, Miroslav"]
[Black "Novak, Vaclav"]
[Result "1-0"]
[WhiteElo "2023"]
[BlackElo "2109"]
[PlyCount "55"]
[EventDate "2004.09.11"]

1. d4 Nf6 2. Bg5 h6 3. Bh4 d5 4. Nd2 Bf5 5. Ngf3 Nbd7 6. e3 e6 7. c4 c6 8. Be2
Bd6 9. O-O g5 10. Bg3 Bxg3 11. fxg3 Ne4 12. cxd5 cxd5 13. Bb5 f6 14. Nxe4 Bxe4
15. Ne5 Ke7 16. Nxd7 a6 17. Ba4 b5 18. Nxf6 bxa4 19. Nxe4 dxe4 20. Qxa4 Qd6 21.
Qc2 Rab8 22. b3 h5 23. Rac1 h4 24. gxh4 Rbc8 25. Qxe4 Rxc1 26. Rxc1 gxh4 27.
Qb7+ Kf6 28. Rf1+ {cerny se vzdal} 1-0

[Event "ProMoPro2004"]
[Site "Praha"]
[Date "2004.09.13"]
[Round "3.11"]
[White "Sodoma, Jan"]
[Black "Bohac, Jaroslav"]
[Result "1-0"]
[WhiteElo "2203"]
[BlackElo "1943"]
[PlyCount "79"]
[EventDate "2004.09.11"]

1. e4 c5 2. Nc3 Nc6 3. f4 e6 4. Nf3 Nge7 5. Bb5 a6 6. Bxc6 Nxc6 7. d3 d5 8. O-O
Be7 9. Qe1 O-O 10. b3 d4 11. Ne2 Nb4 12. Qd2 b5 13. a3 Nc6 14. g4 f5 15. gxf5
exf5 16. Ng3 g6 17. Qg2 Kh8 18. exf5 Bxf5 19. Nxf5 gxf5 20. Ng5 Bxg5 21. fxg5
Ne7 22. Bf4 Ng6 23. Qg3 Nxf4 24. Qxf4 Qd5 25. Rae1 Rae8 26. Rxe8 Rxe8 27. Qxf5
Qxf5 28. Rxf5 Re1+ 29. Kf2 Ra1 30. Rxc5 Rxa3 31. Kf3 Ra1 32. Ke4 Rh1 33. Kxd4
Rxh2 34. Kd5 Kg7 35. Kc6 Kg6 36. d4 Rg2 37. d5 Rxg5 38. d6 Rxc5+ 39. Kxc5 Kf7
40. Kc6 1-0

[Event "ProMoPro2004"]
[Site "Praha"]
[Date "2004.09.13"]
[Round "3.26"]
[White "Neumanova, Monika"]
[Black "Hlavnicka, Jan"]
[Result "0-1"]
[WhiteElo "1672"]
[BlackElo "1864"]
[PlyCount "54"]
[EventDate "2004.09.11"]

1. d4 d5 2. c4 e6 3. Nc3 g6 4. Nf3 Bg7 5. e4 Ne7 6. Bg5 h6 7. Bh4 g5 8. Bg3
dxe4 9. Nxe4 f5 10. Nexg5 hxg5 11. Nxg5 Qxd4 12. Qxd4 Bxd4 13. O-O-O Bf6 14.
Nf3 Na6 15. Bf4 Ng6 16. Be3 b6 17. Nd4 f4 18. Bd3 Kf7 19. Bxg6+ Kxg6 20. Bxf4
e5 21. Be3 exd4 22. Bxd4 Bb7 23. Bxf6 Kxf6 24. f3 Rad8 25. Rdf1 Nb4 26. a3 Nd3+
27. Kc2 Rhe8 0-1

[Event "ProMoPro2004"]
[Site "Praha"]
[Date "2004.09.13"]
[Round "3.30"]
[White "Istel, Oldrich"]
[Black "Hoskovec, Josef"]
[Result "0-1"]
[WhiteElo "1668"]
[BlackElo "1864"]
[PlyCount "48"]
[EventDate "2004.09.11"]

1. d4 d5 2. Nf3 Nf6 3. Bf4 c5 4. dxc5 e6 5. b4 Nc6 6. a3 Ne4 7. Be5 Nxe5 8.
Nxe5 Nxf2 9. Kxf2 Qf6+ 10. Ke1 Qxe5 11. c3 a5 12. Ra2 axb4 13. cxb4 Bd7 14. Qd3
Be7 15. e3 O-O 16. Rf2 f5 17. g3 Qc7 18. Rc2 b6 19. cxb6 Qxb6 20. Kf2 f4 21.
gxf4 Rxf4+ 22. Kg3 Re4 23. Rc3 Rf8 24. h4 Qd6+ 0-1

[Event "ProMoPro2004"]
[Site "Praha"]
[Date "2004.09.13"]
[Round "3.5"]
[White "Srba, Milan"]
[Black "Virostko, Petr"]
[Result "1/2-1/2"]
[WhiteElo "2137"]
[BlackElo "2290"]
[PlyCount "55"]
[EventDate "2004.09.11"]

1. e4 e5 2. Nf3 Nc6 3. Bb5 a6 4. Ba4 Nf6 5. d3 d6 6. c4 Be7 7. Nc3 O-O 8. h3
Be6 9. O-O Nd7 10. Nd5 Bxd5 11. cxd5 Na7 12. Bxd7 Qxd7 13. b4 c6 14. Qb3 cxd5
15. Qxd5 Nc6 16. a3 Bf6 17. Bb2 Ne7 18. Qb3 Ng6 19. Rfe1 Nf4 20. d4 exd4 21.
Bxd4 Qe6 22. Qxe6 fxe6 23. e5 dxe5 24. Bxe5 Nd3 25. Re3 Nxe5 26. Nxe5 Rad8 27.
Rae1 Rd2 28. R1e2 1/2-1/2

[Event "ProMoPro2004"]
[Site "Praha"]
[Date "2004.09.13"]
[Round "3.1"]
[White "Petrik, Tomas"]
[Black "Londyn, Radek"]
[Result "1/2-1/2"]
[WhiteElo "2457"]
[BlackElo "2278"]
[PlyCount "56"]
[EventDate "2004.09.11"]

1. e4 c5 2. Nf3 e6 3. d4 cxd4 4. Nxd4 a6 5. Bd3 Bc5 6. Nb3 Ba7 7. Qe2 Nc6 8.
Be3 d6 9. O-O Nge7 10. c4 Bxe3 11. Qxe3 e5 12. Nc3 Be6 13. Rfd1 Ng6 14. Bf1 Qe7
15. Nd5 Bxd5 16. cxd5 Na7 17. Na5 O-O 18. Qb6 Qh4 19. Nxb7 Rfb8 20. Rac1 Nb5
21. Bxb5 axb5 22. Qc7 Nf4 23. Nxd6 Qg4 24. g3 Rf8 25. Qe7 Nh3+ 26. Kg2 Nf4+ 27.
Kg1 Nh3+ 28. Kg2 Nf4+ 1/2-1/2

[Event "ProMoPro2004"]
[Site "Praha"]
[Date "2004.09.13"]
[Round "3.10"]
[White "Vavra, Pavel"]
[Black "Voglova, Eva"]
[Result "1-0"]
[WhiteElo "2393"]
[BlackElo "1988"]
[PlyCount "57"]
[EventDate "2004.09.11"]

1. e4 d5 2. Nc3 d4 3. Nce2 e5 4. f4 Nc6 5. d3 f6 6. Nf3 Be6 7. c3 Bc5 8. b4 Bb6
9. b5 Nce7 10. cxd4 exd4 11. f5 Bf7 12. g4 c5 13. bxc6 Nxc6 14. Bg2 Nge7 15.
O-O O-O 16. g5 fxg5 17. Nxg5 Ne5 18. Nf4 Qe8 19. Qe1 h6 20. Nge6 Bxe6 21. Nxe6
Rf6 22. Qg3 Rxe6 23. fxe6 N7g6 24. Bh3 Qe7 25. Bf5 Qh4 26. Bf4 Qxg3+ 27. Bxg3
Ba5 28. Rab1 b6 29. Rb5 1-0

[Event "ProMoPro2004"]
[Site "Praha"]
[Date "2004.09.13"]
[Round "3.25"]
[White "Slechta, Karel"]
[Black "Cebis, Petr"]
[Result "1-0"]
[WhiteElo "1957"]
[BlackElo "1852"]
[PlyCount "79"]
[EventDate "2004.09.11"]

1. e4 e6 2. d4 d5 3. Nd2 c5 4. exd5 exd5 5. dxc5 Bxc5 6. Nb3 Bb6 7. c3 Nf6 8.
Bb5+ Nc6 9. Qe2+ Be6 10. Nf3 Qd6 11. Nbd4 O-O 12. Nxe6 fxe6 13. Be3 Bxe3 14.
Qxe3 Ng4 15. Qe2 e5 16. O-O-O e4 17. Rxd5 exf3 18. Qc4 Qf4+ 19. Qxf4 Rxf4 20.
gxf3 Nxf2 21. Rg1 Raf8 22. b3 g6 23. Rd7 Ne5 24. Rxb7 Rxf3 25. Rxa7 Rxc3+ 26.
Kb2 Rh3 27. a4 Rxh2 28. Ka3 Rf7 29. Rxf7 Kxf7 30. a5 Rh4 31. Rf1 Ke7 32. Rxf2
Nd7 33. Re2+ Kd6 34. Rd2+ Kc5 35. Bxd7 g5 36. Rc2+ Kd6 37. a6 Rf4 38. a7 Rf8
39. Bc8 Rf1 40. a8=Q {cerny se vzdal} 1-0

[Event "ProMoPro2004"]
[Site "Praha"]
[Date "2004.09.13"]
[Round "3.17"]
[White "Svoboda, Vaclav"]
[Black "Listopad, Martin"]
[Result "1-0"]
[WhiteElo "2042"]
[BlackElo "1882"]
[PlyCount "119"]
[EventDate "2004.09.11"]

1. e4 c5 2. c3 d5 3. exd5 Qxd5 4. d4 g6 5. Nf3 Bg7 6. Be3 cxd4 7. Bxd4 Nf6 8.
Nbd2 O-O 9. Bc4 Qd8 10. O-O Nc6 11. Re1 Qc7 12. Qe2 Bg4 13. h3 Nxd4 14. cxd4
Bxf3 15. Nxf3 e6 16. Rac1 Qb6 17. Ne5 Rad8 18. Nxf7 Rxf7 19. Bxe6 Re8 20. Qc4
Rxe6 21. Rxe6 Qd8 22. Rce1 Qc7 23. Qb3 Kh8 24. d5 Bf8 25. d6 Qd7 26. Rc1 Ne8
27. Qc3+ Kg8 28. Qe5 Rf5 29. Qe3 Nxd6 30. Rd1 b6 31. g3 Qc7 32. Rexd6 Bxd6 33.
Qe6+ Qf7 34. Qxf7+ Rxf7 35. Rxd6 Rc7 36. Rd2 Kf7 37. f4 Kf6 38. Kf2 Kf5 39. Kf3
Ke6 40. Re2+ Kf6 41. g4 Rc1 42. g5+ Kf7 43. b3 Rf1+ 44. Ke4 Ke6 45. Rc2 Re1+
46. Kf3 Rf1+ 47. Kg3 Kd6 48. Rf2 Rg1+ 49. Kh4 Ke6 50. Re2+ Kf7 51. Rc2 a6 52.
Rc7+ Kg8 53. Rc6 Rg2 54. a4 b5 55. Rxa6 bxa4 56. bxa4 Rb2 57. Ra8+ Kf7 58. a5
Ke6 59. a6 Ra2 60. a7 {cernz se vzdal} 1-0

[Event "ProMoPro2004"]
[Site "Praha"]
[Date "2004.09.13"]
[Round "3.18"]
[White "Kamenik, Robert"]
[Black "Benes, Pavel"]
[Result "1-0"]
[WhiteElo "2027"]
[BlackElo "1852"]
[PlyCount "93"]
[EventDate "2004.09.11"]

1. e4 e6 2. d4 d5 3. exd5 exd5 4. Bd3 Bd6 5. Nf3 Nf6 6. O-O O-O 7. h3 h6 8. b3
Re8 9. Bb2 Nbd7 10. c4 c6 11. c5 Bc7 12. Nbd2 Ne4 13. b4 Ndf6 14. Bxe4 dxe4 15.
Ne5 e3 16. fxe3 Bxe5 17. dxe5 Nd5 18. Nc4 Qg5 19. Qd4 Bxh3 20. Rf2 Be6 21. Nd6
Re7 22. e4 Nc7 23. a4 Rd7 24. Qc3 Ne8 25. Raf1 Qg6 26. Rf3 Qh5 27. b5 Rb8 28.
Rg3 Rc7 29. b6 axb6 30. cxb6 Rd7 31. a5 Qh4 32. Rgf3 Qg5 33. a6 bxa6 34. Qxc6
Nxd6 35. exd6 Qb5 36. Qc3 Qxb6+ 37. R1f2 f6 38. Rxf6 gxf6 39. Qxf6 Qxf2+ 40.
Qxf2 Rf8 41. Qd4 Kh7 42. e5 Rg7 43. Qd3+ Bf5 44. Qf3 Rgf7 45. Qd5 Rg7 46. e6
Rg4 47. e7 {cerny se vzdal} 1-0

[Event "ProMoPro2004"]
[Site "Praha"]
[Date "2004.09.13"]
[Round "3.14"]
[White "Nepustil, Frantisek"]
[Black "Mejzlik, Vojtech"]
[Result "0-1"]
[WhiteElo "1979"]
[BlackElo "2097"]
[PlyCount "102"]
[EventDate "2004.09.11"]

1. e4 c5 2. d4 cxd4 3. c3 d3 4. Bxd3 Nc6 5. Nf3 d6 6. Bc4 e6 7. O-O Be7 8. Qe2
a6 9. a4 Nf6 10. Rd1 Qc7 11. b4 O-O 12. a5 d5 13. exd5 exd5 14. Bxd5 Nxd5 15.
Rxd5 Nxb4 16. Rd4 Nc6 17. Rda4 Bd7 18. Be3 Bf6 19. Bb6 Qd6 20. Qd2 Qxd2 21.
Nfxd2 Ne7 22. R4a3 Nd5 23. Nc4 Rfe8 24. Ne3 Rac8 25. h3 Nxc3 26. Nxc3 Bxc3 27.
Rc1 Bb2 28. Rxc8 Rxc8 29. Rd3 Bb5 30. Rd5 f6 31. Nf5 Rc1+ 32. Kh2 Be5+ 33. g3
h6 34. Ne7+ Kf7 35. Bd8 Ke6 36. f4 Bc6 37. f5+ Kf7 38. Nxc6 bxc6 39. Rd3 Rc2+
40. Kg1 c5 41. Kf1 c4 42. Rd5 c3 43. Bb6 Ra2 44. Be3 Bxg3 45. Rd7+ Ke8 46. Rxg7
Be5 47. Bxh6 c2 48. Rg8+ Kd7 49. h4 Ra4 50. Rg7+ Kd6 51. Ra7 51... Bf4 {
bily se vzdal} 0-1

[Event "ProMoPro2004"]
[Site "Praha"]
[Date "2004.09.13"]
[Round "3.13"]
[White "Slovak, Pavel"]
[Black "Trnka, Jaroslav"]
[Result "0-1"]
[WhiteElo "2103"]
[BlackElo "1880"]
[PlyCount "162"]
[EventDate "2004.09.11"]

1. e4 c5 2. Nf3 e6 3. d4 cxd4 4. Nxd4 a6 5. Nc3 Qc7 6. Bd3 Nf6 7. O-O b5 8. a3
Bb7 9. Kh1 d5 10. exd5 Nxd5 11. Bg5 Nxc3 12. bxc3 Nc6 13. Re1 Nxd4 14. cxd4 Bd6
15. Qh5 Bd5 16. f4 g6 17. Qh4 Be7 18. Re3 Qd8 19. Bxe7 Qxe7 20. Qf2 Qf6 21.
Rae1 O-O 22. Re5 Rac8 23. Qd2 Rc6 24. f5 Rfc8 25. Qh6 Qg7 26. Qh4 gxf5 27. Qf2
Kh8 28. Bxf5 Bxg2+ 29. Qxg2 Qxg2+ 30. Kxg2 exf5 31. Re8+ Kg7 32. Rxc8 Rxc8 33.
Re2 Rc3 34. d5 Rc7 35. Kf3 Kf6 36. h3 Rd7 37. Re8 Rxd5 38. Rc8 Rd6 39. a4 bxa4
40. Rc4 Rd2 41. Rxa4 Rxc2 42. Rxa6+ Kg7 43. Kf4 Rf2+ 44. Kg3 Rf1 45. Rb6 Re1
46. Kf4 Re6 47. Rb5 Rh6 48. Rxf5 Rxh3 49. Kg4 Rh1 50. Ra5 f6 51. Ra8 h5+ 52.
Kg3 Kg6 53. Ra5 Rg1+ 54. Kh3 Rg5 55. Ra6 Re5 56. Ra3 Re4 57. Rg3+ Kf5 58. Ra3
Kg5 59. Ra8 Re3+ 60. Kg2 h4 61. Rg8+ Kf4 62. Rh8 Rg3+ 63. Kh2 Rg4 64. Ra8 f5
65. Kh3 Rg1 66. Rb8 Rh1+ 67. Kg2 Re1 68. Kh3 Kf3 69. Kxh4 f4 70. Ra8 Kf2 71.
Kh3 f3 72. Kh2 Kf1 73. Ra3 f2 74. Ra2 Re3 75. Ra1+ Re1 76. Ra2 Re6 77. Ra1+ Ke2
78. Ra2+ Kf3 79. Ra3+ Re3 80. Ra1 Re1 81. Ra4 81... Rh1+ {bily se vzdal} 0-1

[Event "ProMoPro2004"]
[Site "Praha"]
[Date "2004.09.13"]
[Round "3.28"]
[White "Szirmai, Emil"]
[Black "Horak, Karel"]
[Result "1-0"]
[WhiteElo "2084"]
[BlackElo "1761"]
[PlyCount "149"]
[EventDate "2004.09.11"]

1. e4 c6 2. d4 d5 3. Nc3 dxe4 4. Nxe4 Nd7 5. Nf3 Ngf6 6. Ng3 e6 7. Bd3 c5 8.
O-O cxd4 9. Nxd4 Bc5 10. Nb3 Be7 11. Re1 O-O 12. Qf3 a5 13. c4 a4 14. Nd2 Nc5
15. Bf1 Bd7 16. Qe2 Qc7 17. Nf3 Rfd8 18. Ne5 Be8 19. Bf4 Qa5 20. Qc2 Nfd7 21.
Nd3 f6 22. Bd2 Qc7 23. Nf4 Bf7 24. Rad1 Nb6 25. b4 axb3 26. axb3 e5 27. Nf5 Bf8
28. Nd3 Ra3 29. Nxc5 Bxc5 30. Bc1 Raa8 31. Nh4 Rd4 32. Rxd4 Bxd4 33. Bd3 g6 34.
Nf3 Bc5 35. h4 Be6 36. h5 g5 37. Bxg5 fxg5 38. Nxg5 Qe7 39. Nxh7 Qh4 40. Bg6
Rf8 41. Rf1 Rf4 42. Qe2 Bd4 43. Qc2 Bh3 44. Be4 Qg4 45. c5 Bxg2 46. Bxg2 Nd5
47. Qg6+ Qxg6 48. hxg6 Rg4 49. Kh2 Rxg6 50. Bxd5+ Kxh7 51. Be4 Kh6 52. Bxg6
Kxg6 53. b4 Kf6 54. Kg2 Ke6 55. f4 exf4 56. Rxf4 Kd5 57. Rf7 Kc6 58. b5+ Kxb5
59. Rxb7+ Kxc5 60. Kf3 Kc6 61. Ra7 Be5 62. Ke4 Bb2 63. Ra5 Kd6 64. Rd5+ Ke6 65.
Rb5 Bc3 66. Rb6+ Kd7 67. Kd5 Ke7 68. Re6+ Kf7 69. Rc6 Bb2 70. Rc2 Ba1 71. Kd6
Bd4 72. Rc4 Bb2 73. Rf4+ Kg6 74. Rf1 Kg7 75. Kd5 {cerny se vzdal} 1-0

[Event "ProMoPro2004"]
[Site "Praha"]
[Date "2004.09.13"]
[Round "3.7"]
[White "Vedral, Oldrich"]
[Black "Kubikova, Alena"]
[Result "1/2-1/2"]
[WhiteElo "2280"]
[BlackElo "2067"]
[PlyCount "130"]
[EventDate "2004.09.11"]

1. d4 Nf6 2. Nf3 g6 3. Bg5 Bg7 4. Nc3 O-O 5. Qd2 d6 6. e4 c6 7. O-O-O b5 8. e5
dxe5 9. dxe5 Qxd2+ 10. Rxd2 Nfd7 11. Bxe7 Re8 12. Bg5 Nxe5 13. Nxe5 Bxe5 14.
Ne4 Bf5 15. Nc5 a5 16. Bd3 Bxd3 17. Rxd3 Ra7 18. Rhd1 f6 19. Be3 Rae7 20. g3
Kf7 21. R1d2 Bc7 22. c3 h5 23. Kc2 h4 24. Bd4 hxg3 25. hxg3 Re2 26. Rf3 Rxd2+
27. Kxd2 f5 28. g4 f4 29. g5 Be5 30. Bxe5 Rxe5 31. Rxf4+ Kg8 32. Ne4 Nd7 33.
Nf6+ Nxf6 34. Rxf6 Rxg5 35. Rxc6 Kf7 36. Rb6 Ke7 37. Ke3 Re5+ 38. Kf4 Rf5+ 39.
Kg4 Kf7 40. f3 Rd5 41. Kf4 a4 42. Ke4 Rh5 43. b3 axb3 44. axb3 Rc5 45. Kd4 Rf5
46. Ke3 Rc5 47. Kd3 Rf5 48. Kd4 g5 49. Ke3 Rc5 50. Ke4 Rxc3 51. Rxb5 Ke6 52.
Rb6+ Kd7 53. b4 Rb3 54. Rb5 Kd6 55. Rb8 Kc7 56. Rb5 Kd6 57. Rd5+ Ke6 58. Re5+
Kd6 59. Rxg5 Rxb4+ 60. Kf5 Ke7 61. Rg7+ Kf8 62. Ra7 Rb6 63. f4 Rc6 64. Kg5 Rb6
65. Kf5 Rc6 1/2-1/2

[Event "ProMoPro2004"]
[Site "Praha"]
[Date "2004.09.14"]
[Round "4.1"]
[White "Petrik, Tomas"]
[Black "Cernousek, Lukas"]
[Result "1/2-1/2"]
[WhiteElo "2457"]
[BlackElo "2378"]
[PlyCount "57"]
[EventDate "2004.09.11"]

1. e4 c5 2. Ne2 Nc6 3. d4 cxd4 4. Nxd4 Qc7 5. Nc3 e6 6. Nb3 Nf6 7. Bd3 a6 8. f4
Bb4 9. O-O Bxc3 10. bxc3 e5 11. Ba3 d6 12. Be2 Ke7 13. Nd4 Rd8 14. Nxc6+ Qxc6
15. fxe5 Nxe4 16. exd6+ Nxd6 17. Qd4 Be6 18. Kh1 Qd5 19. Bf3 Qxd4 20. cxd4 Rac8
21. Bxb7 Rxc2 22. Rfc1 Rxa2 23. Rxa2 Bxa2 24. Rc7+ Rd7 25. Rxd7+ Kxd7 26. Bxa6
Nf5 27. Bc5 Ke6 28. Bc8+ Kf6 29. Bxf5 {remis} 1/2-1/2

[Event "ProMoPro2004"]
[Site "Praha"]
[Date "2004.09.13"]
[Round "3.29"]
[White "Novotny, Vladimir"]
[Black "Cozl, Miroslav"]
[Result "1-0"]
[WhiteElo "2209"]
[BlackElo "1525"]
[PlyCount "95"]
[EventDate "2004.09.11"]

1. e4 e5 2. Nf3 Nc6 3. d4 exd4 4. Nxd4 Nxd4 5. Qxd4 b6 6. Bc4 c6 7. O-O b5 8.
Bb3 Qc7 9. f4 Qb6 10. Be3 Qxd4 11. Bxd4 c5 12. Bd5 Rb8 13. Be5 d6 14. Bc3 b4
15. Be1 Be6 16. Bc6+ Bd7 17. Bd5 Nf6 18. Bh4 Be7 19. Bxf6 gxf6 20. Nd2 O-O 21.
f5 Bd8 22. Rf4 h6 23. Nc4 Bc7 24. Re1 Rfe8 25. Re3 Kf8 26. Rh3 Ke7 27. Rxh6 Rh8
28. Rfh4 Rxh6 29. Rxh6 Rf8 30. h4 Rg8 31. Kf2 Be8 32. Rh7 a5 33. b3 Kf8 34. Ne3
Rg7 35. Rh6 Bd8 36. Kf3 a4 37. Ng4 axb3 38. cxb3 Rxg4 39. Kxg4 Kg7 40. Kh5 Bb6
41. g4 c4 42. Bxc4 Bc5 43. g5 fxg5 44. hxg5 f6+ 45. g6 Be3 46. Rh7+ Kf8 47.
Rh8+ Ke7 48. Rxe8+ {cerny se vzdal} 1-0

[Event "ProMoPro2004"]
[Site "Praha"]
[Date "2004.09.13"]
[Round "3.15"]
[White "Horinek, Karel"]
[Black "Kastner, Kamil"]
[Result "0-1"]
[WhiteElo "1941"]
[BlackElo "2080"]
[PlyCount "80"]
[EventDate "2004.09.11"]

1. d4 e6 2. c4 d5 3. Nc3 Nf6 4. Nf3 Be7 5. Bg5 O-O 6. e3 b6 7. Rc1 Bb7 8. Bd3
Nbd7 9. O-O c5 10. cxd5 exd5 11. Bb1 c4 12. Qc2 a6 13. a4 g6 14. Nd2 Rc8 15. h3
Re8 16. f4 Nh5 17. Bxe7 Qxe7 18. Rf3 f5 19. g4 Ng7 20. Nf1 Nf6 21. Qg2 Ne4 22.
Bxe4 dxe4 23. Rf2 Qd7 24. Kh2 b5 25. axb5 axb5 26. Ng3 b4 27. Nce2 fxg4 28. f5
gxh3 29. Qxh3 Rf8 30. Rcf1 gxf5 31. Nxf5 Nxf5 32. Rxf5 Rxf5 33. Rxf5 Qd6+ 34.
Re5 Kh8 35. Nf4 Rg8 36. Re6 Qc7 37. Kh1 Bc8 38. Ng6+ Rxg6 39. Re8+ Rg8 40.
Rxg8+ 40... Kxg8 {bily se vzdal} 0-1

[Event "ProMoPro2004"]
[Site "Praha"]
[Date "2004.09.13"]
[Round "3.29"]
[White "Janota, Jiri"]
[Black "Hampel, Rudolf"]
[Result "0-1"]
[WhiteElo "1785"]
[BlackElo "1559"]
[PlyCount "96"]
[EventDate "2004.09.11"]

1. e4 c5 2. Nf3 e6 3. d4 cxd4 4. Nxd4 Nf6 5. Nc3 Nc6 6. a3 d5 7. Nxc6 bxc6 8.
e5 Nd7 9. Bf4 g6 10. Bg3 Bg7 11. f4 O-O 12. Qg4 Qe7 13. Bd3 f6 14. Bh4 Qf7 15.
O-O fxe5 16. fxe5 Qe8 17. Rxf8+ Kxf8 18. Rf1+ Kg8 19. Bf6 Bb7 20. Bxg7 Kxg7 21.
Qg5 Qd8 22. Qf4 Qe7 23. Qg3 Rf8 24. Rxf8 Qxf8 25. b4 c5 26. Bb5 Nb6 27. a4 cxb4
28. a5 Qc5+ 29. Qf2 Qxf2+ 30. Kxf2 Nc4 31. Na2 Nxe5 32. Nxb4 Kf6 33. h3 Ke7 34.
c3 Kd6 35. Nc2 Kc5 36. Be2 Nc4 37. Nd4 e5 38. Ne6+ Kb5 39. Nf8 Kxa5 40. Bd1 Kb5
41. Nxh7 Nb2 42. Bc2 e4 43. Nf8 Kc4 44. Nxg6 Kxc3 45. Bb1 d4 46. Nf4 Kd2 47. h4
d3 48. h5 e3+ 0-1

[Event "ProMoPro2004"]
[Site "Praha"]
[Date "2004.09.13"]
[Round "3.32"]
[White "Zatko, Michal"]
[Black "Koncel, Jan"]
[Result "1-0"]
[WhiteElo "1768"]
[BlackElo "1441"]
[PlyCount "81"]
[EventDate "2004.09.11"]

1. e4 e5 2. Nf3 Nc6 3. Bb5 Bc5 4. c3 Qe7 5. O-O Nf6 6. d3 O-O 7. Bg5 h6 8. Bh4
a6 9. Ba4 b5 10. Bb3 Bb7 11. Nbd2 Nd8 12. Re1 d6 13. d4 Bb6 14. Qe2 Ne6 15.
dxe5 Nf4 16. Qf1 dxe5 17. g3 N4h5 18. Bxf6 Qxf6 19. Qh3 g6 20. Qg2 Rad8 21.
Rad1 Qe7 22. Nf1 Rxd1 23. Bxd1 f5 24. exf5 Rxf5 25. Ne3 Rf8 26. Ng4 e4 27. Nd4
c5 28. Nc2 e3 29. Rxe3 Qxe3 30. Qxb7 Qd2 31. Nce3 Qd6 32. Nxh6+ Kh8 33. Nf7+
Rxf7 34. Qxf7 c4 35. Qe8+ Kh7 36. Bxh5 gxh5 37. Qxh5+ Kg8 38. Qd5+ Qxd5 39.
Nxd5 Bc5 40. Nc7 a5 41. Nxb5 1-0

[Event "ProMoPro2004"]
[Site "Praha"]
[Date "2004.09.13"]
[Round "3.23"]
[White "Rakous, Pavel"]
[Black "Jansa, Vaclav"]
[Result "1-0"]
[WhiteElo "1800"]
[BlackElo "2076"]
[PlyCount "67"]
[EventDate "2004.09.11"]

1. e4 c5 2. d4 cxd4 3. c3 d5 4. exd5 Qxd5 5. Na3 Bd7 6. Nf3 e5 7. Bc4 Qe4+ 8.
Kf1 h6 9. cxd4 Nc6 10. Nb5 O-O-O 11. Nc3 Qf5 12. Bd3 Qh5 13. d5 Nd4 14. Be3 Bc5
15. Ne4 Nxf3 16. Bxc5 Bg4 17. Qc2 Kb8 18. Qa4 b6 19. Bd6+ Rxd6 20. Qe8+ Bc8 21.
Nxd6 Ne7 22. Qxh8 Kc7 23. Nxc8 Nxd5 24. Rc1+ Kd7 25. Bb5+ Ke6 26. Qe8+ Kf6 27.
Qd8+ Kg6 28. Qxd5 Nd4 29. Bd3+ f5 30. Ne7+ Kf6 31. Nxf5 Nxf5 32. Bxf5 Kxf5 33.
Qf3+ Qxf3 34. gxf3 {cerny se vzdal} 1-0

[Event "ProMoPro2004"]
[Site "Praha"]
[Date "2004.09.13"]
[Round "3.6"]
[White "Pokorny, Petr"]
[Black "Kout, Zdenek"]
[Result "1/2-1/2"]
[WhiteElo "2292"]
[BlackElo "2139"]
[PlyCount "100"]
[EventDate "2004.09.11"]

1. d4 Nf6 2. c4 e5 3. Nf3 e4 4. Nfd2 c6 5. e3 d5 6. Nc3 Bb4 7. Qb3 Bxc3 8. bxc3
O-O 9. cxd5 cxd5 10. Ba3 Re8 11. c4 Nc6 12. cxd5 Nxd5 13. Bc4 Na5 14. Qb5 Nxc4
15. Nxc4 a6 16. Qc5 b5 17. Nd6 Qa5+ 18. Kf1 Be6 19. Nxe8 Rxe8 20. Rc1 h6 21.
Bb2 Rc8 22. Qa3 Qd2 23. Rxc8+ Bxc8 24. Qb3 Bg4 25. h3 Be2+ 26. Kg1 Bc4 27. Qa3
Qe1+ 28. Kh2 Qxf2 29. Bc1 b4 30. Qa4 Bb5 31. Qb3 Nc3 32. Qxb4 Ne2 33. Qe1 Qf6
34. Ba3 Qd8 35. Qf2 h5 36. h4 Qc7+ 37. g3 Qa5 38. Re1 Qxa3 39. Rxe2 Bxe2 40.
Qxe2 Qd3 41. Qf2 a5 42. Kh3 a4 43. g4 hxg4+ 44. Kxg4 a3 45. h5 Qd1+ 46. Kg5 f6+
47. Kh4 Qh1+ 48. Kg4 Kf7 49. Qf5 Qg2+ 50. Kh4 Qh2+ 1/2-1/2